|
|
|
|
| LEADER |
02029nam a22003733i 4500 |
| 001 |
EBC4981428 |
| 003 |
MiAaPQ |
| 005 |
20240729202202.0 |
| 006 |
m o d | |
| 007 |
cr cnu|||||||| |
| 008 |
240729s2017 xx o ||||0 eng d |
| 020 |
|
|
|a 9789176854587
|q (electronic bk.)
|
| 035 |
|
|
|a (MiAaPQ)EBC4981428
|
| 035 |
|
|
|a (Au-PeEL)EBL4981428
|
| 035 |
|
|
|a (OCoLC)1373986929
|
| 040 |
|
|
|a MiAaPQ
|b eng
|e rda
|e pn
|c MiAaPQ
|d MiAaPQ
|
| 100 |
1 |
|
|a Kuruvilla, Jacob.
|
| 245 |
1 |
0 |
|a Proteomics As a Multifaceted Tool in Medicine and Environmental Assessment.
|
| 250 |
|
|
|a 1st ed.
|
| 264 |
|
1 |
|a Linköping :
|b Linkopings Universitet,
|c 2017.
|
| 264 |
|
4 |
|c {copy}2017.
|
| 300 |
|
|
|a 1 online resource (78 pages)
|
| 336 |
|
|
|a text
|b txt
|2 rdacontent
|
| 337 |
|
|
|a computer
|b c
|2 rdamedia
|
| 338 |
|
|
|a online resource
|b cr
|2 rdacarrier
|
| 490 |
1 |
|
|a Linköping University Medical Dissertations Series ;
|v v.1585
|
| 505 |
0 |
|
|a Intro -- ABSTRACT -- LIST OF ORIGINAL PAPERS -- ABBREVIATIONS -- TABLE OF CONTENTS -- 1. Philosophy of 'Omics' -- 2. Proteomics -- 3. Proteomics in Nanomedicine and risk assessment -- 4. Proteomics in environmental assessment -- 5. Proteomics, B-cells and cancer -- SUMMARY -- Paper I -- Paper II -- Paper III -- Paper IV -- REFERENCES -- CONCLUSIONS AND FUTURE PERSPECTIVES -- POPULAR SCIENCE ABSTRACT -- ACKNOWLEDGEMENTS.
|
| 588 |
|
|
|a Description based on publisher supplied metadata and other sources.
|
| 590 |
|
|
|a Electronic reproduction. Ann Arbor, Michigan : ProQuest Ebook Central, 2024. Available via World Wide Web. Access may be limited to ProQuest Ebook Central affiliated libraries.
|
| 655 |
|
4 |
|a Electronic books.
|
| 776 |
0 |
8 |
|i Print version:
|a Kuruvilla, Jacob
|t Proteomics As a Multifaceted Tool in Medicine and Environmental Assessment
|d Linköping : Linkopings Universitet,c2017
|
| 797 |
2 |
|
|a ProQuest (Firm)
|
| 830 |
|
0 |
|a Linköping University Medical Dissertations Series
|
| 856 |
4 |
0 |
|u https://ebookcentral.proquest.com/lib/matrademy/detail.action?docID=4981428
|z Click to View
|